| 000 | 02427nam0a2200385 4500 | ||
|---|---|---|---|
| 001 | RU\NLR\bibl\904380 | ||
| 005 | 20260405083035.0 | ||
| 010 |
_a5-98190-059-8 _91000 |
||
| 021 |
_aRU _b2005-75604 _93730 |
||
| 035 | _a(nilc)RSL-KNO-002774351 | ||
| 035 | _a(NLR Aleph) 000892793 | ||
| 090 |
_a1728964 _c1728964 |
||
| 100 | _a20051118d2005 |||y0rusy50 ca | ||
| 101 | 0 | _arus | |
| 102 | _aRU | ||
| 105 | _ay ||||||||| | ||
| 106 | _ar | ||
| 200 | 1 |
_aУправление кадровой политикой промышленного предприятия _eмонография _fЛ.Н. Ильина _gМеждунар. акад. наук, Междунар. "Лига развития науки и образования" (Россия), Междунар. ассоц. развития науки, образования и культуры России (Италия), Междунар. ин-т упр. им. Святого Правед. воина Ф. Ушакова (г. Архангельск) |
|
| 210 |
_aМ. _cЮпитер _d2005 _gООО Печатный салон Граница |
||
| 215 |
_a151 с. _d20 |
||
| 225 | 1 | _aСерия "Экономика. Развитие. Благосостояние" | |
| 300 | _aНа 5-й с. авт.: Ильина Л.Н. - почет. работник высш. проф. образования Рос. Федерации | ||
| 300 | _aНа 2-й с.: В честь 294-й годовщины со дня рождения первого рос. энциклопедиста, велик. ученого М.В. Ломоносова | ||
| 320 | _aБиблиогр.: с. 144-146 (16 назв.) | ||
| 606 | 1 |
_aПромышленные предприятия _xКадры _xУправление _yРоссийская Федерация _92177079 _3RU\NLR\auth\661309382 |
|
| 610 | 0 | _aЭкономика -- Российская Федерация -- Промышленность -- Предприятие -- Труд -- Трудовые ресурсы. Персонал. Кадры -- Кадровая политика | |
| 686 |
_aУ9(2)301-640-18,0 _2rubbk |
||
| 686 | _aУ30(2)-640-21(2Р) | ||
| 700 | 1 |
_4070 _8rus _7ca _aИльина _bЛ.Н. _cюрист _gЛидия Николаевна _3RU\NLR\auth\7729574 _912603 |
|
| 801 | 0 |
_aRU _bRuMoRKP _c20051118 _grcr |
|
| 801 | 1 |
_aRU _bRuMoRGB _c20051118 |
|
| 801 | 2 |
_aRU _bNLR _c20060206 _grcr |
|
| 942 | _cBOOK | ||
| 980 | _aNB | ||